عرض عادي
عرض مارك
- Data Mining and Knowledge Discovery.
مدخل مصطلح موضوعي
001 - رقم الضبط
- حقل الضبط: 52481
003 - معرف رقم الضبط
- حقل الضبط: OSt
005 - تاريخ ووقت أخر عملية
- حقل الضبط: 20151014172205.0
008 - عناصر بيانات ثابتة الطول
- حقل تحكم ثابت الطول: 151014|| aca||aabn | a|a d
040 ## - مصدر الفهرسة
- هيئة الفهرسة الأصلية: OSt
- وكالة الكتابة: OSt
150 ## - مدخل-- مصطلح تاريخي
- عنصر مدخل المصطلح الموضوعي او الاسم الجغرافي: Data Mining and Knowledge Discovery.
670 ## - بيانات المصدر موجوده
- الاستشهاد بالمصدر: Work cat.: (OSt)0: Kumar, K. Vinoth editor. 52475, / Soft Computing, 2012
